Statystyki dla Czy znasz mistrzów największych lig w Europie? 2018/2019

Kliknij tutaj aby rozwiązać quiz!

Ogólne statystyki

  • Ten quiz został rozwiązany 1 641 razy
    (924 od ostatniego zresetowania)
  • Średni wynik to 8 z 10

Statystyki odpowiedzi

Liga:Klub:% Poprawnych
Ligue 1PSG
98%
Serie AJuventus
96%
BundesligaBayern Monachium
93%
Premier LeagueManchester City
89%
La LigaFC Barcelona
84%
EredivisieAjax Amsterdam
82%
EkstraklasaPiast Gliwice
68%
Liga NOSBenfica
61%
Austriacka BundesligaRed Bull Salzburg
55%
Priemjer-LigaZenit Petersburg
39%

Rozkład punktacji

Percentyl według liczby udzielonych odpowiedzi

Procent ludzi z każdym wynikiem

Twoja historia wyników

Nie rozwiązałeś tego quizu od ostatniego zresetowania